000 03545nam a22006015i 4500
001 978-3-319-48317-7
003 DE-He213
005 20210118133107.0
007 cr nn 008mamaa
008 161020s2017 gw | s |||| 0|eng d
020 _a9783319483177
_9978-3-319-48317-7
024 7 _a10.1007/978-3-319-48317-7
_2doi
050 4 _aQA76.9.A43
072 7 _aUMB
_2bicssc
072 7 _aCOM051300
_2bisacsh
072 7 _aUMB
_2thema
082 0 4 _a005.1
_223
245 1 0 _aClaudio Moraga: A Passion for Multi-Valued Logic and Soft Computing
_h[electronic resource] /
_cedited by Rudolf Seising, Héctor Allende-Cid.
250 _a1st ed. 2017.
264 1 _aCham :
_bSpringer International Publishing :
_bImprint: Springer,
_c2017.
300 _aXIV, 382 p. 137 illus., 5 illus. in color.
_bonline resource.
336 _atext
_btxt
_2rdacontent
337 _acomputer
_bc
_2rdamedia
338 _aonline resource
_bcr
_2rdacarrier
347 _atext file
_bPDF
_2rda
490 1 _aStudies in Fuzziness and Soft Computing,
_x1434-9922 ;
_v349
505 0 _aFrom the Content: From Multi-valued Logics to Fuzzy Logic -- A Dialogue Concerning Contradiction And Reasoning -- Some Entertainments Dealing with Three Valued Logic -- Fuzziness as an Experimental Science: an Homage to Claudio Moraga -- Some reflections on the use of interval fuzzy sets for dealing with Fuzzy Deformable Prototypes -- The way to the BliZ.
520 _aThe book is an authoritative collection of contributions by leading experts on the topics of fuzzy logic, multi-valued logic and neural network. Originally written as an homage to Claudio Moraga, seen by his colleagues as an example of concentration, discipline and passion for science, the book also represents a timely reference guide for advance students and researchers in the field of soft computing, and multiple-valued logic. .
650 0 _aAlgorithms.
650 0 _aElectronic circuits.
650 0 _aArtificial intelligence.
650 1 4 _aAlgorithm Analysis and Problem Complexity.
_0http://scigraph.springernature.com/things/product-market-codes/I16021
650 2 4 _aCircuits and Systems.
_0http://scigraph.springernature.com/things/product-market-codes/T24068
650 2 4 _aArtificial Intelligence.
_0http://scigraph.springernature.com/things/product-market-codes/I21000
700 1 _aSeising, Rudolf.
_eeditor.
_4edt
_4http://id.loc.gov/vocabulary/relators/edt
700 1 _aAllende-Cid, Héctor.
_eeditor.
_4edt
_4http://id.loc.gov/vocabulary/relators/edt
710 2 _aSpringerLink (Online service)
773 0 _tSpringer eBooks
776 0 8 _iPrinted edition:
_z9783319483160
776 0 8 _iPrinted edition:
_z9783319483184
776 0 8 _iPrinted edition:
_z9783319839127
830 0 _aStudies in Fuzziness and Soft Computing,
_x1434-9922 ;
_v349
856 4 0 _uhttps://doi.org/10.1007/978-3-319-48317-7
912 _aZDB-2-ENG
999 _c448438
_d448438
942 _cEB
506 _aAvailable to subscribing member institutions only. Доступно лише організаціям членам підписки.
506 _fOnline access from local network of NaUOA.
506 _fOnline access with authorization at https://link.springer.com/
506 _fОнлайн-доступ з локальної мережі НаУОА.
506 _fОнлайн доступ з авторизацією на https://link.springer.com/